| 000 | 00955nam a22002657a 4500 | ||
|---|---|---|---|
| 999 |
_c313 _d313 |
||
| 001 | 003657 | ||
| 003 | CoMeUDC003657 | ||
| 005 | 20181204231304.0 | ||
| 008 | 930301s1992 ck a r 00110 spa d | ||
| 015 | _ack-1992-xxxx | ||
| 020 | _a9580417679 | ||
| 035 | _aAER5083 LA | ||
| 040 |
_ala _cCoMeUDC |
||
| 041 | 0 | _aspa | |
| 082 | 0 | 4 |
_a332.042 _bG984f _219 ed. |
| 100 |
_aGutiérrez Marulanda, Luis Fernando. _9555 |
||
| 245 | 1 | 0 |
_aFinanzas prácticas para países en desarrollo : _bcon énfasis en flujos de fondos, uso de calculadoras financieras, inflación, devaluación y análisis de valor de los accionistas / _cLuis Fernando Gutiérrez Marulanda. |
| 260 |
_aBogotá : _bGrupo Editorial Norma, _c[1992?]. |
||
| 300 |
_a354 p. : _bil. ; _c23 cm. |
||
| 500 | _aIncluye índice. | ||
| 650 |
_aFinanzas _z Países en desarrollo. |
||
| 651 | 0 |
_a Países en desarrollo. _x Condiciones econm̤icas. _9556 |
|
| 942 |
_2ddc _cBK |
||
| 949 |
_ac _bn |
||